Entry Personal Name
Number of records used in: 1
001 - CONTROL NUMBER
003 - CONTROL NUMBER IDENTIFIER
005 - DATE AND TIME OF LATEST TRANSACTION
- control field:
20210804132152.0
008 - FIXED-LENGTH DATA ELEMENTS
- fixed length control field:
141017n| azannaabn |n aaa
010 ## - LIBRARY OF CONGRESS CONTROL NUMBER
- LC control number:
n 2014064361
040 ## - CATALOGING SOURCE
- Original cataloging agency:
DLC
- Language of cataloging:
eng
- Description conventions:
rda
- Transcribing agency:
DLC
100 1# - HEADING--PERSONAL NAME
- Personal name:
Baki, Gabriella
670 ## - SOURCE DATA FOUND
- Source citation:
Introduction to cosmetic formulation and technology, 2015:
- Information found:
ECIP t.p. (Gabriella Baki, Ph. D.)
670 ## - SOURCE DATA FOUND
- Source citation:
University of Toledo, Dept. of Pharmacy Practice, viewed Oct. 17, 2014
- Information found:
(Gabriella Baki, Ph. D.; assistant professor of Pharmaceutics; M.A., 2008, pharmaceutical and medical translation and interpretation; M.S., 2008, pharmacy; Ph. D., 2011, pharmaceutics, University of Szeged, Hungary)